Intergovernental committee of experts (ICE) for Southern Africa: report of the 16th meeting (Record no. 47212)

MARC details
000 -LEADER
fixed length control field 00878nam a2200157 a 4500
008 - FIXED-LENGTH DATA ELEMENTS--GENERAL INFORMATION
fixed length control field 131003s2010 ||||||||||||||||| || u
050 ## - LIBRARY OF CONGRESS CALL NUMBER
Classification number UNECA(05)
110 ## - MAIN ENTRY--CORPORATE NAME
Corporate name or jurisdiction name as entry element United Nations Economic Commission For Africa(UNECA)
245 10 - TITLE STATEMENT
Title Intergovernental committee of experts (ICE) for Southern Africa: report of the 16th meeting
Statement of responsibility, etc. by United Nations Economic Commission for Africa [UNECA]
246 ## - VARYING FORM OF TITLE
Title proper/short title Proceedings of the sixteenth Intergovernmental Committee of Experts (ICE) of Southern Africa
260 ## - PUBLICATION, DISTRIBUTION, ETC.
Place of publication, distribution, etc. Lilongwe, Malawi:
Name of publisher, distributor, etc. UNITED NATIONS ECONOMIC COMMISSION FOR AFRICA(UNECA)
Date of publication, distribution, etc. 2010
300 ## - PHYSICAL DESCRIPTION
Extent i,17p.: ill.
362 1# - DATES OF PUBLICATION AND/OR SEQUENTIAL DESIGNATION
Dates of publication and/or sequential designation <p>24 - 25 March 2010</p>
650 ## - SUBJECT ADDED ENTRY--TOPICAL TERM
Topical term or geographic name entry element UNITED NATIONS ECONOMIC REPORT FOR AFRICA--SUMMARY OF PROCEEDINGS
995 ## - RECOMMENDATION 995 [LOCAL, UNIMARC FRANCE]
-- CBU-MAIN LIBRARY (Kitwe)
-- 1
-- AVAILABLE
-- Oct 3, 2013
-- International Publications
Holdings
Withdrawn status Lost status Source of classification or shelving scheme Damaged status Not for loan Home library Current library Shelving location Date acquired Total Checkouts Full call number Barcode Date last seen Price effective from Koha item type
          CBU-MAIN LIBRARY, KITWE. CBU-MAIN LIBRARY, KITWE.   11/30/2022   UNECA(05) B1017 11/30/2022 11/30/2022 MONOGRAPH